マジカルミライ歴代メインビジュアルの愛称 - Statistics

General Stats
  • This quiz has been taken 21 times
  • The average score is 6 of 12
Answer Stats
Hint Answer % Correct
2023 ヒーローちゃん
82%
2024 サンパレスちゃん
73%
2014 体育館ちゃん
64%
2015 武道館ちゃん
64%
2018 ふりかけちゃん
64%
2013 初代ちゃん
45%
2016 幕張ちゃん
45%
2020 おまつりちゃん
45%
2021 お花ちゃん
45%
2022 10thちゃん
45%
2017 メッセちゃん
36%
2019 サーカスちゃん
36%
No matching quizzes found
Score Distribution
Percent of People with Each Score
Percentile by Number Answered
Your Score History
You have not taken this quiz